000
00343nam a2200133Ia 4500
008
100328s9999 xx 000 0 und d
082
_b
45600
100
_a
काकडे द.स.
245
_a
बिबळ्या
260
_b
सत्यजय
630
_a
बिबळ्या
730
_a
बिबळ्या
942
_c
BOOK
999
_c
533708
_d
533705